Reaching poor areas in a federal system /
Saved in:
| 主要作者: | |
|---|---|
| 格式: | 图书 |
| 语言: | English |
| 出版: |
Washington, D.C. :
World Bank,
1998.
|
| 丛编: | Policy research working papers ;
1901. |
| 主题: | |
| 标签: |
添加标签
没有标签, 成为第一个标记此记录!
|
| LEADER | 00643nam a22001935u 4500 | ||
|---|---|---|---|
| 001 | 007760496-2 | ||
| 005 | 20020606104010.5 | ||
| 008 | 920806|1998 dcua |||||||eng|d | ||
| 100 | 1 | |a Ravallion, Martin. | |
| 245 | 1 | 0 | |a Reaching poor areas in a federal system / |c Martin Ravallion. |
| 260 | |a Washington, D.C. : |b World Bank, |c 1998. | ||
| 300 | |a 35, [4] p. : |b ill. ; |c 28 cm. | ||
| 490 | 1 | |a Policy research working papers ; |v 1901 | |
| 500 | |a "March 1998" | ||
| 504 | |a Includes bibliographical references (p. 30-31). | ||
| 655 | 7 | |a Computer network resources. |2 local | |
| 830 | 0 | |a Policy research working papers ; |v 1901. | |
| 988 | |a 20020608 | ||
| 906 | |0 MH | ||